000 01395nam a2200265 a 4500
001 BS0003198
003 BR-BrBNA
005 20230418192239.0
008 230308b |||||||| |||| 00| 0 por d
040 _aBR-BrBNA
_bpor
_cBiblioteca Nacional de Agricultura
041 _apor
072 _aB59
090 _aB59 BS0003198
100 1 _aMarco Aurélio (espírito)
245 1 _aEla só queria casar /
250 1 _a1. ed.
260 3 _aSão Paulo, SP:
_bCentro de Estudos Vida e Consciência,
_c2012.
300 _a190 p.
500 _aPsicografado por Marcelo Cézar..
520 3 _aO que você faria se morresse neste exato momento? Teria condições de deixar naturalmente e por tempo indeterminado a pessoa amada ou sua família, seus amigos, seu trabalho, sua casa, seus pertences? Como você reagiria se, em uma fração de segundos, a sua estadia no planeta chegasse ao fim? Aconteceu com Gláucia. Moça bonita, cheia de planos e prestes a se casar, ela descobriu que a Vida é muito mais do que parece e trabalha incansavelmente para que cada um desenvolva seus potenciais ocultos. Diante de um romance envolvente e personagens cativantes, Ela só queria casar.., revela que só acontece o que Deus permite. E Ele só permite o que é melhor para nós!
650 _aESPIRITISMO
650 _aLITERATURA ESPÍRITA
909 _a202304
_bSergio Santos
_c56
_dSergio Santos
942 _cBK
999 _c8261
_d8261